Stati per Indice di prestazione in materia di cambiamento climatico - Statistics

Statistiche generali
  • Questo quiz è stato fatto 9 volte
  • Il punteggio medio è 10 su 15
Statistiche sulle risposte
Punteggio Continente Nazione % Corretto
61,47 Europa Norvegia
100%
73,28 Europa Svezia
100%
69,54 America del Sud Cile
88%
61,24 Europa Finlandia
88%
61,11 Europa Germania
88%
79,61 Europa Danimarca
75%
65,14 Europa Estonia
75%
60,76 Europa Lussemburgo
75%
62,24 Europa Paesi Bassi
75%
67,44 Africa Marocco
50%
61,55 Europa Portogallo
50%
62,75 Asia Filippine
25%
67,35 Asia India
25%
60,42 Europa Malta
25%
63,07 Europa Regno Unito
13%
Nessun quiz corrispondente trovato
Distribuzione punteggi
Percentuale di utenti per punteggio
Percentile per numero di risposta
I tuoi punteggi nel tempo
Non hai fatto questo quiz